000 00908nam a2200289 i 4500
001 000017424
003 DO-SdBNP
005 20240530073918.0
007 ta
008 100324s1963 dr 000 f spa d
040 _aDO-SdBNP
_bspa
_cBNPHU
_erda
082 _aRD863.42
_bM358o, 1963
_222
100 1 _aMarrero Aristy, Ramón,
_d1913-1959
_922324
_eautor
245 1 0 _aOver :
_bnovela /
_cRamón Marrero Aristy.
264 _aSanto Domingo :
_bLibrería Dominicana,
_c1963.
300 _a224 paginas ;
_c20 cm.
336 _2rdacontent
_atexto
_btxt
337 _2rdamedia
_asin mediación
_bn
338 _2rdacarrier
_avolumen
_bnc
490 1 _aPensamiento Dominicano
590 _aInventariado, 2019 / DG
650 0 _aNovela dominicana
_9223
650 0 _aLiteratura dominicana.
_967
830 0 _aPensamiento Dominicano
_919047
910 _aValidado. Control de calidad BNPHU
942 _2ddc
_cLBS1
999 _c16949
_d16949